Population Exchange : (Record no. 171614)

MARC details
000 -LEADER
fixed length control field 00604nam a2200181 4500
005 - DATE AND TIME OF LATEST TRANSACTION
control field 20210907095700.0
010 ## - LCCN (DPL NO)
LC control number ENG-127389
020 ## - INTERNATIONAL STANDARD BOOK NUMBER
International Standard Book Number 9789386473813
Terms of availability 595.00
035 ## - SYSTEM CONTROL NUMBER
System control number EN-110921
037 ## - SOURCE OF ACQUISITION
Source of stock number/acquisition DBAD/PUB
082 ## - DEWEY DECIMAL CLASSIFICATION NUMBER
Classification number 954.0842
100 ## - MAIN ENTRY--PERSONAL NAME
Personal name Goradia,Prafull
245 ## - TITLE STATEMENT
Title Population Exchange :
Remainder of title Jinnah wanted Hijrat for all Muslims in India/
Statement of responsibility, etc by Prafull Goradia .
260 ## - PUBLICATION, DISTRIBUTION, ETC. (IMPRINT)
Place of publication, distribution, etc New Delhi
Name of publisher, distributor, etc Vitasta Publishing
Date of publication, distribution, etc 2020
270 ## - ADDRESS
Address 2/15,Ansari Road Daryaganj
City New Delhi
Postal code 40001
Electronic mail address info@vitastapublishing.com
300 ## - PHYSICAL DESCRIPTION
Extent xv;260p.
Dimensions 22cm(hb)
942 ## - ADDED ENTRY ELEMENTS (KOHA)
Source of classification or shelving scheme Dewey Decimal Classification
Item type English Books
Classification part 954.0842
Call number suffix GOR
Holdings
Withdrawn status Lost status Not for loan Collection code Home library Current library Date acquired Source of acquisition Cost, normal purchase price Full call number Barcode Copy number Cost, replacement price Koha item type
      Non-fiction Sarojini Nagar Sarojini Nagar 16/01/2020 DBAD/PUB 595.00 954.0842 GOR EN-110921 1 595.00 English Books

© Delhi Public Library
Hit Counter
free hit counter